1818 1748 1649 1796 1098 1499 1018 1191 1748 1666 1931 1141 1999 1703 1193 1417 1672 1603 1150 1987 1686 1933 1513 1833 1155 1002 1228 1206 1076 1625 1318 1281 1206 1311 1282 1606 1784 1673 1662 1557 1004 1902 1703 1460 1017 1048 1127 1325 1213 1691 1935 1463 1835 1014 1641 1312 1130 1879 1323 1613 1423 1677 1991 1884 1639 1698 1870 1290 1296 1200 1877 1583 1728 1841 1800 1392 1114 1773 1070 1307 1230 1282 1166 1805 1878 1400 1519 1761 1444 1297 1055 1467 1757 1274 1897 1537 1588 1227 1391 BCNSPRNW ULIB Ver.6.0+V

เปลี่ยนเป็นภาษาไทย

Change to English
 แสดงรายละเอียดบรรณานุกรม
  กลับหน้าหลัก

Brief Record : Get Marc (ISO 2709) : E-mail record : QR code < ปิดหน้าต่าง
LEADER : 00000nam 2200000uu 4500
001    13399125820
003     ULIB
008    170918s2016||||th 000 0 tha d
020    ^a9786162799112
060 04 ^aWM34^bต367
245 00 ^aตำราพฤติกรรมศาสตร์ทางการแพทย์ /^cมาโนช หล่อตระกูล, ธนิตา ตันตระรุ่งโรจน์,นิดา ลิ้มสุวรรณ, บรรณาธิการ
250    ^aฉบับเรียบเรียงครั้งที่ 2
260    ^aกรุงเทพฯ :^bภาควิชาจิตเวชศาสตร์ คณะแพทยศาสตร์โรงพยาบาลรามาธิบดี มหาวิทยาลัยมหิดล,^c2559
300    ^aix, 181 หน้า :^bภาพประกอบ ;^c21 ซม.
505 0  ^a--ทฤษฎีเกี่ยวกับบุคลิกภาพ --พัฒนาการตลอดช่วงชีวิตมนุษย์: วัยเด็กและวัยรุ่น --พัฒนาการตลอดช่วงชีวิตมนุษย์: วัยผู้ใหญ่และวัยสูงอายุ --สมองและพฤติกรรม --สารส่งผ่านประสาทและพฤติกรรม --ความเครียดและการปรับตัว --การใช้สารออกฤทธิ์ต่อจิตประสาท --พฤติกรรมเสี่ยง
505 0  ^a--ความผิดปกติทางจิตเวช (1) --ความผิดปกติทางจิตเวช (2) --การรักษาทางจิตเวช --พฤติกรรมสุขภาพและพฤติกรรมการเจ็บป่วย -- ความเจ็บป่วยและครอบครัว --การสัมภาษณ์ทางเวชปฏิบัติ --เวชจริยศาสตร์ --สติในเวชปฏิบัติ
650  4 ^aพฤติกรรมศาสตร์
700 0  ^aมาโนช หล่อตระกูล,^eบรรณาธิการ
700 0  ^aธนิตา ตันตระรุ่งโรจน์,^eบรรณาธิการ
700 0  ^aนิดา ลิ้มสุวรรณ,^eบรรณาธิการ
710 2  ^aมหาวิทยาลัยมหิดล^bคณะแพทยศาสตร์โรงพยาบาลรามาธิบดี^bภาควิชาจิตเวชศาสตร์
945    ^p180^l0^i25590
945    ^p180^l0^i25591
945    ^p180^l0^i25592
945    ^p180^l0^i25593
945    ^p180^l0^i25594
945    ^p180^l0^i25595
945    ^p180^l0^i25596
945    ^p180^l0^i25597
945    ^p180^l0^i25598
945    ^p180^l0^i25599
999    ^aกัณชพร จุลอักษร
รายการนี้ยังไม่มีแท็ก
คุณยังไม่ได้ล็อกอิน คุณสามารถมีกิจกรรมร่วมกับเว็บไซต์ได้ แต่ต้องล็อกอินก่อน ::
  ล็อกอิน

รายการสื่อสารสนเทศ

ลำดับที่ ประเภท เลขเรียก/บาร์โค้ด สถานที่ สถานะ
1. วิทยาศาสตร์การแพทย์ และสุขภาพ
วิทยาศาสตร์การแพทย์ และสุขภาพ
สถานะ=หนังสือเก่า
WM34 ต367 ฉ.1 
  Barcode: 25590
ห้องสมุดวิทยาเขตนครสวรรค์
►ส่วนจัดเก็บหนังสือเก่า นว.
บนชั้น
  ขอยืม
2. วิทยาศาสตร์การแพทย์ และสุขภาพ
วิทยาศาสตร์การแพทย์ และสุขภาพ
สถานะ=หนังสือเก่า
WM34 ต367 ฉ.10 
  Barcode: 25599
ห้องสมุดวิทยาเขตนครสวรรค์
►ส่วนจัดเก็บหนังสือเก่า นว.
บนชั้น
  ขอยืม
3. วิทยาศาสตร์การแพทย์ และสุขภาพ
วิทยาศาสตร์การแพทย์ และสุขภาพ
สถานะ=หนังสือเก่า
WM34 ต367 ฉ.2 
  Barcode: 25591
ห้องสมุดวิทยาเขตนครสวรรค์
►ส่วนจัดเก็บหนังสือเก่า นว.
บนชั้น
  ขอยืม
4. วิทยาศาสตร์การแพทย์ และสุขภาพ
วิทยาศาสตร์การแพทย์ และสุขภาพ
สถานะ=หนังสือเก่า
WM34 ต367 ฉ.3 
  Barcode: 25592
ห้องสมุดวิทยาเขตนครสวรรค์
►ส่วนจัดเก็บหนังสือเก่า นว.
บนชั้น
  ขอยืม
5. วิทยาศาสตร์การแพทย์ และสุขภาพ
วิทยาศาสตร์การแพทย์ และสุขภาพ
สถานะ=หนังสือเก่า
WM34 ต367 ฉ.4 
  Barcode: 25593
ห้องสมุดวิทยาเขตนครสวรรค์
►ส่วนจัดเก็บหนังสือเก่า นว.
บนชั้น
  ขอยืม
6. วิทยาศาสตร์การแพทย์ และสุขภาพ
วิทยาศาสตร์การแพทย์ และสุขภาพ
สถานะ=หนังสือเก่า
WM34 ต367 ฉ.5 
  Barcode: 25594
ห้องสมุดวิทยาเขตนครสวรรค์
►ส่วนจัดเก็บหนังสือเก่า นว.
บนชั้น
  ขอยืม
7. วิทยาศาสตร์การแพทย์ และสุขภาพ
วิทยาศาสตร์การแพทย์ และสุขภาพ
สถานะ=หนังสือเก่า
WM34 ต367 ฉ.6 
  Barcode: 25595
ห้องสมุดวิทยาเขตนครสวรรค์
►ส่วนจัดเก็บหนังสือเก่า นว.
บนชั้น
  ขอยืม
8. วิทยาศาสตร์การแพทย์ และสุขภาพ
วิทยาศาสตร์การแพทย์ และสุขภาพ
สถานะ=หนังสือเก่า
WM34 ต367 ฉ.7 
  Barcode: 25596
ห้องสมุดวิทยาเขตนครสวรรค์
►ส่วนจัดเก็บหนังสือเก่า นว.
บนชั้น
  ขอยืม
9. วิทยาศาสตร์การแพทย์ และสุขภาพ
วิทยาศาสตร์การแพทย์ และสุขภาพ
สถานะ=หนังสือเก่า
WM34 ต367 ฉ.8 
  Barcode: 25597
ห้องสมุดวิทยาเขตนครสวรรค์
►ส่วนจัดเก็บหนังสือเก่า นว.
บนชั้น
  ขอยืม
10. วิทยาศาสตร์การแพทย์ และสุขภาพ
วิทยาศาสตร์การแพทย์ และสุขภาพ
สถานะ=หนังสือเก่า
WM34 ต367 ฉ.9 
  Barcode: 25598
ห้องสมุดวิทยาเขตนครสวรรค์
►ส่วนจัดเก็บหนังสือเก่า นว.
บนชั้น
  ขอยืม

รายการใกล้เคียง
    หัวเรื่อง [พฤติกรรมศาสตร์]

BibComment


ยังไม่เคยถูกคอมเมนท์

คอมเมนท์ทรัพยากรรายการนี้
  คอมเมนท์: ตำราพฤติกรรมศาสต..


 Copyright 2026. Bcnsprnw @Library